000 00286nam a22001217a 4500
008 181018b xxu||||| |||| 00| 0 eng d
041 _aeng
080 _a316
100 _a50
101 _aSOC
245 _aMind The Suprising Power Of Expectations
_cBerdik,CH
942 _2udc
_cBK
999 _c50108
_d50108